| 000 | 00622nam a2200229Ia 4500 | ||
|---|---|---|---|
| 005 | 20240708104617.0 | ||
| 008 | 131103s9999 xx 000 0 und d | ||
| 020 |
_a019807736X _cRs.295.00 |
||
| 040 | _aLoreto College | ||
| 041 | _aEnglish | ||
| 082 |
_a339 _bSIK |
||
| 100 | _aSikdar,Soumyen | ||
| 245 |
_aPrinciples of macroeconomics _cSoumyen Sikdar |
||
| 250 | _a2nd ed | ||
| 260 |
_aNew Delhi _bOxford University Press _c2011 |
||
| 300 | _avii,203p | ||
| 504 | _aIncludes bibliographical references,glossary and index | ||
| 650 | _aEconomics | ||
| 651 | _aMacroeconomics | ||
| 850 | _aLCLIB | ||
| 942 | _cBK | ||
| 999 |
_c38288 _d88767 |
||